00686nam a2200217Ia 4500003000400000005001700004008004100021020001800062040000700080041000800087082002300095100003000118245003600148260003400184300001600218365001300234906003600247942001200283999001900295952015400314OSt20230426124011.0210423s2011 xx 000 0 und d a9780198064343 cAL aeng a658.155 223bSRIR aSRIVASTAVA (Rajiv)993410 aDerivatives and risk management bOxford University Pressc2011 axvi,592bPB b410cINR aDerivatives ; management ; risk 2ddccBK c161115d161115 001040708MCOMaSACPGbSACPGd2013-03-16eHigginbothams Pvt Ltdg410.00l8o658.155 SRIRpPG007596r2025-07-03 11:30:28s2024-11-04w2021-04-26yBK